[Event "Mazowiec-chT op 1112"]
[Site "Poland"]
[Date "2012.02.05"]
[Round "5.37"]
[White "Skwarnicki, Adam"]
[Black "Sieradzki, Milosz"]
[Result "1-0"]
[WhiteElo "1982"]
[BlackElo "1669"]
[PlyCount "59"]
[EventDate "2012.01.08"]
[EventType "team-swiss"]
[EventRounds "10"]
[EventCountry "POL"]
[SourceTitle "EXT 2019"]
[Source "ChessBase"]
[SourceDate "2018.10.10"]
[SourceVersion "1"]
[SourceVersionDate "2018.10.10"]
[SourceQuality "1"]

1. d4 e6 2. c4 Nf6 3. Nf3 c5 4. g3 Nc6 5. Bg2 d5 6. cxd5 Nxd5 7. 0-0 Be7 8. Nc3 Nxc3 9. bxc3 0-0 10. e4 Qa5 11. d5 exd5 12. exd5 Rd8 13. Qe2 Rxd5 14. c4 Rd8 15. Bb2 Be6 16. Rfc1 Qa6 17. h4 Rac8 18. Qe4 Nb4 19. Bf1 Qc6 20. Qe3 Qa4 21. Qe4 Rd7 22. Ng5 Bxg5 23. hxg5 Nc6 24. Bd3 g6 25. Bf6 Bf5 26. Qh4 Nd4 27. Qh6 Ne6 28. Kg2 Qc6+ 29. f3 Rxd3 30. Qxh7+ 1-0

[Event "Mazowiec-chT op 1112"]
[Site "Poland"]
[Date "2012.02.05"]
[Round "6.29"]
[White "Skwarnicki, Adam"]
[Black "Zielinski, Michal"]
[Result "1-0"]
[WhiteElo "1982"]
[BlackElo "1792"]
[PlyCount "107"]
[EventDate "2012.01.08"]
[EventType "team-swiss"]
[EventRounds "10"]
[EventCountry "POL"]
[SourceTitle "EXT 2019"]
[Source "ChessBase"]
[SourceDate "2018.10.10"]
[SourceVersion "1"]
[SourceVersionDate "2018.10.10"]
[SourceQuality "1"]

1. d4 Nf6 2. c4 g6 3. Nf3 Bg7 4. g3 0-0 5. Bg2 d5 6. cxd5 Nxd5 7. 0-0 Nd7 8. e4 N5f6 9. Nc3 Re8 10. e5 Ng4 11. Ng5 Nb6 12. e6 Nh6 13. Qb3 fxe6 14. Nxe6 Bxe6 15. Qxe6+ Kh8 16. Bxb7 Rb8 17. Bc6 Rf8 18. d5 Nf5 19. Bg5 h6 20. Be3 Kh7 21. Qe4 Rf6 22. Bf4 Nd6 23. Qe2 Rf5 24. Rac1 Nbc4 25. b3 Ne5 26. Ne4 Rb4 27. Nc5 Nxc6 28. dxc6 e5 29. Bd2 Rb8 30. Nd7 Rc8 31. Bc3 Qe7 32. f3 h5 33. h3 Qg5 34. Qg2 Re8 35. Bd2 Qe7 36. g4 Rf7 37. Rce1 Qd8 38. gxh5 gxh5 39. Bg5 Qa8 40. Qc2+ Nf5 41. Kh2 Re6 42. Nf6+ Rexf6 43. Bxf6 Rxf6 44. Rxe5 Qf8 45. Rfe1 Bh6 46. Re7+ Bg7 47. R1e5 Kg6 48. Qe4 Kh6 49. Qf4+ Kh7 50. Qe4 Kh6 51. Rxc7 Rg6 52. Rxf5 Qa3 53. Qf4+ Kh7 54. Rxh5+ 1-0

[Event "Mazowiec-chT op 1112"]
[Site "Poland"]
[Date "2012.01.08"]
[Round "1.44"]
[White "Skwarnicki, Adam"]
[Black "Duniec, Mateusz"]
[Result "1-0"]
[WhiteElo "1982"]
[BlackElo "1611"]
[PlyCount "57"]
[EventDate "2012.01.08"]
[EventType "team-swiss"]
[EventRounds "10"]
[EventCountry "POL"]
[SourceTitle "EXT 2019"]
[Source "ChessBase"]
[SourceDate "2018.10.10"]
[SourceVersion "1"]
[SourceVersionDate "2018.10.10"]
[SourceQuality "1"]

1. d4 d5 2. c4 c6 3. Nf3 e6 4. g3 Nf6 5. Bg2 Nbd7 6. 0-0 g6 7. Nc3 Bg7 8. Qd3 dxc4 9. Qxc4 0-0 10. e4 Nb8 11. Rd1 b5 12. Qb3 a6 13. Bg5 Qa5 14. Ne5 Bb7 15. a4 b4 16. Bxf6 Bxf6 17. Nc4 Qc7 18. Qxb4 Nd7 19. e5 Bg7 20. Nd6 Rab8 21. Rac1 Nb6 22. a5 Nc8 23. Nde4 Qe7 24. Nc5 Na7 25. Qc4 Rfd8 26. Rc2 Nb5 27. Nxb7 Nxc3 28. Nxd8 Nxd1 29. Nxc6 1-0

[Event "Mazowiec-chT"]
[Site "Mazowsze"]
[Date "2009.04.20"]
[Round "8"]
[White "Skwarnicki, Adam"]
[Black "Llaneza Vega, Victor"]
[Result "1-0"]
[WhiteElo "2020"]
[BlackElo "2043"]
[PlyCount "60"]
[EventDate "2009.01.11"]
[EventType "team-tourn"]
[EventRounds "10"]
[EventCountry "POL"]
[SourceTitle "EXT 2013"]
[Source "ChessBase"]
[SourceDate "2012.11.22"]
[SourceVersion "1"]
[SourceVersionDate "2012.11.22"]
[SourceQuality "1"]

1. d4 f5 2. c4 Nf6 3. Nf3 g6 4. g3 d6 5. Bg2 Bg7 6. 0-0 0-0 7. Nc3 c6 8. b4 Na6 9. Qb3 Nc7 10. Rd1 Qe8 11. Rb1 e5 12. dxe5 dxe5 13. e4 Nxe4 14. Nxe4 fxe4 15. Ng5 Bf5 16. Nxe4 Rd8 17. Rxd8 Qxd8 18. Bg5 Qc8 19. Rd1 Bxe4 20. Bxe4 Qg4 21. c5+ Kh8 22. Be7 Re8 23. f3 Qc8 24. Qf7 Ne6 25. Rd6 Nd4 26. Bf6 Bxf6 27. Qxf6+ Kg8 28. Bd3 Nxf3+ 29. Qxf3 Rf8 30. Rf6 Kg7 1-0

[Event "Mazowiec-chT"]
[Site "Mazowsze"]
[Date "2009.04.05"]
[Round "7"]
[White "Borowicz, Przemyslaw"]
[Black "Skwarnicki, Adam"]
[Result "1-0"]
[WhiteElo "2009"]
[BlackElo "2020"]
[PlyCount "45"]
[EventDate "2009.01.11"]
[EventType "team-tourn"]
[EventRounds "10"]
[EventCountry "POL"]
[SourceTitle "EXT 2013"]
[Source "ChessBase"]
[SourceDate "2012.11.22"]
[SourceVersion "1"]
[SourceVersionDate "2012.11.22"]
[SourceQuality "1"]

1. d4 Nf6 2. c4 g6 3. Nc3 d5 4. cxd5 Nxd5 5. e4 Nxc3 6. bxc3 Bg7 7. Bc4 c5 8. Ne2 Nc6 9. Be3 Bg4 10. f3 Na5 11. fxg4 Nxc4 12. Qa4+ Qd7 13. Qxc4 Qxg4 14. Qb5+ Kf8 15. Qxb7 Rd8 16. e5 cxd4 17. cxd4 f6 18. h3 Qf5 19. Rf1 Qd3 20. Bg5 Re8 21. exf6 exf6 22. Rxf6+ Bxf6 23. Bh6+ 1-0

[Event "Mazowiec-chT"]
[Site "Mazowsze"]
[Date "2009.03.30"]
[Round "6"]
[White "Skwarnicki, Adam"]
[Black "Pazderski, Ziemowit"]
[Result "0-1"]
[WhiteElo "2020"]
[BlackElo "2228"]
[PlyCount "76"]
[EventDate "2009.01.11"]
[EventType "team-tourn"]
[EventRounds "10"]
[EventCountry "POL"]
[SourceTitle "EXT 2013"]
[Source "ChessBase"]
[SourceDate "2012.11.22"]
[SourceVersion "1"]
[SourceVersionDate "2012.11.22"]
[SourceQuality "1"]

1. Nf3 Nf6 2. d4 e6 3. c4 Bb4+ 4. Bd2 Qe7 5. a3 Bxd2+ 6. Nbxd2 d5 7. Qc2 0-0 8. e3 Rd8 9. Bd3 dxc4 10. Nxc4 c5 11. dxc5 Qxc5 12. Rd1 Nbd7 13. b4 Qe7 14. 0-0 g6 15. Rd2 b6 16. Nd4 Bb7 17. Nb5 Bd5 18. Nbd6 Ne5 19. Nxe5 Qxd6 20. Qb2 Qe7 21. Rfd1 Nd7 22. Ng4 h5 23. Ne5 Qf6 24. Nxd7 Qxb2 25. Rxb2 Rxd7 26. Bb5 Rc7 27. f3 f5 28. Rbd2 Rc3 29. Rd3 Rac8 30. Kf2 Rc2+ 31. R1d2 Rxd2+ 32. Rxd2 Rc3 33. a4 Kf7 34. Rd4 Kf6 35. e4 fxe4 36. fxe4 Ke5 37. Rd2 Bxe4 38. Rd7 Rc2+ 0-1

[Event "Rewal op-B 12th"]
[Site "Rewal"]
[Date "2007.08.29"]
[Round "9"]
[White "Szarwacki, Dominik"]
[Black "Skwarnicki, Adam"]
[Result "1/2-1/2"]
[WhiteElo "1928"]
[BlackElo "2063"]
[PlyCount "98"]
[EventDate "2007.08.23"]
[EventType "swiss"]
[EventRounds "9"]
[EventCountry "POL"]
[SourceTitle "CBM 120 Extra"]
[Source "ChessBase"]
[SourceDate "2007.11.01"]
[SourceVersion "1"]
[SourceVersionDate "2007.11.01"]
[SourceQuality "1"]

1. e4 e6 2. d4 d5 3. Nc3 Bb4 4. e5 c5 5. a3 Bxc3+ 6. bxc3 Qc7 7. Qg4 f5 8. Qg3 cxd4 9. cxd4 Ne7 10. Bg5 b6 11. Bxe7 Qxe7 12. c4 dxc4 13. Bxc4 Ba6 14. Qf3 Bxc4 15. Qxa8 0-0 16. Qf3 Bd5 17. Qh3 Qb7 18. Nf3 Qa6 19. Nd2 Rc8 20. Qe3 Rc2 21. f3 Qa5 22. Rd1 Rc3 23. Qg5 Nc6 24. 0-0 Rxa3 25. Nb1 Rb3 26. Rc1 Qb4 27. Rfd1 h6 28. Qd2 Qxd2 29. Rxd2 b5 30. Nc3 Bc4 31. d5 Nxe5 32. dxe6 Bxe6 33. Re1 Nc4 34. Rde2 Bf7 35. Nb1 f4 36. Nd2 Nxd2 37. Rxd2 Re3 38. Ra1 Bc4 39. h4 Re7 40. Rd6 Rb7 41. Rd8+ Kh7 42. Ra8 b4 43. R8xa7 Rb6 44. Rc7 Ba6 45. Rb1 Bd3 46. Rb2 Bg6 47. Rc4 Rb5 48. Rbxb4 Rxb4 49. Rxb4 Bf5 1/2-1/2

[Event "Rewal op-B 12th"]
[Site "Rewal"]
[Date "2007.08.28"]
[Round "7"]
[White "Kopinski, Tomasz"]
[Black "Skwarnicki, Adam"]
[Result "1-0"]
[WhiteElo "2032"]
[BlackElo "2063"]
[PlyCount "111"]
[EventDate "2007.08.23"]
[EventType "swiss"]
[EventRounds "9"]
[EventCountry "POL"]
[SourceTitle "CBM 120 Extra"]
[Source "ChessBase"]
[SourceDate "2007.11.01"]
[SourceVersion "1"]
[SourceVersionDate "2007.11.01"]
[SourceQuality "1"]

1. c4 Nf6 2. Nc3 e6 3. e4 d5 4. e5 Nfd7 5. cxd5 exd5 6. d4 Nb6 7. Be3 Be6 8. Bd3 N8d7 9. f4 f5 10. Nf3 h6 11. Qc2 g6 12. g4 Bb4 13. gxf5 gxf5 14. Bxf5 Qe7 15. Bxe6 Qxe6 16. f5 Qe7 17. f6 Qf7 18. Qf5 Nf8 19. Rg1 Nc4 20. Bc1 Rh7 21. a3 Bxc3+ 22. bxc3 Ne6 23. Qg6 Rc8 24. Qg8+ Nf8 25. Qxf7+ Kxf7 26. Ra2 c5 27. Rag2 Ne6 28. Kd1 cxd4 29. cxd4 Rc6 30. Rg6 Ra6 31. Nh4 Ng5 32. Rg3 b5 33. Rg7+ Rxg7 34. fxg7 Kxg7 35. Nf5+ Kf8 36. h4 Nf7 37. Rf3 Ke8 38. Ng7+ Ke7 39. Nh5 Rg6 40. Nf4 Rg1+ 41. Kc2 Nb6 42. Rb3 a6 43. a4 Nxa4 44. Nxd5+ Kd7 45. Nf4 Nd8 46. d5 Rh1 47. e6+ Ke8 48. Rg3 Nxe6 49. dxe6 Nc5 50. Rg8+ Ke7 51. Ba3 Rh2+ 52. Kd1 Rh1+ 53. Ke2 Rh2+ 54. Kf3 Kf6 55. Bxc5 Rxh4 56. e7 1-0

[Event "Rewal op-B 12th"]
[Site "Rewal"]
[Date "2007.08.26"]
[Round "4"]
[White "Skwarnicki, Adam"]
[Black "Makosa, Sylwia"]
[Result "1-0"]
[WhiteElo "2063"]
[BlackElo "1897"]
[PlyCount "77"]
[EventDate "2007.08.23"]
[EventType "swiss"]
[EventRounds "9"]
[EventCountry "POL"]
[SourceTitle "CBM 120 Extra"]
[Source "ChessBase"]
[SourceDate "2007.11.01"]
[SourceVersion "1"]
[SourceVersionDate "2007.11.01"]
[SourceQuality "1"]

1. Nf3 c5 2. d4 cxd4 3. Nxd4 Nc6 4. c4 Nf6 5. g3 e5 6. Nc2 Be7 7. Bg2 0-0 8. 0-0 d6 9. Nc3 Be6 10. b3 a6 11. h3 Qc8 12. Kh2 Ne8 13. Ba3 Nc7 14. Na4 Qd8 15. Nb6 Rb8 16. Qd2 Ne8 17. Nd5 Bg5 18. f4 exf4 19. gxf4 Bh4 20. Rad1 Qc8 21. e4 b5 22. e5 dxe5 23. Bxf8 Kxf8 24. fxe5 Nxe5 25. Qd4 Ng6 26. Nce3 Nf6 27. c5 Nh5 28. Rf3 Nf6 29. b4 h6 30. Kh1 Bg5 31. Nxf6 Bxf6 32. Qd6+ Be7 33. Qg3 Nh4 34. Rf2 Nxg2 35. Rxg2 Bg5 36. Nd5 Bxh3 37. Qd6+ Kg8 38. Rxg5 Kh8 39. Rg3 1-0

[Event "Rewal op-B 12th"]
[Site "Rewal"]
[Date "2007.08.23"]
[Round "1"]
[White "Prazmowski, Bartosz"]
[Black "Skwarnicki, Adam"]
[Result "0-1"]
[WhiteElo "1730"]
[BlackElo "2063"]
[PlyCount "60"]
[EventDate "2007.08.23"]
[EventType "swiss"]
[EventRounds "9"]
[EventCountry "POL"]
[SourceTitle "CBM 120 Extra"]
[Source "ChessBase"]
[SourceDate "2007.11.01"]
[SourceVersion "1"]
[SourceVersionDate "2007.11.01"]
[SourceQuality "1"]

1. d4 Nf6 2. c4 e6 3. Nc3 Bb4 4. Nf3 Bxc3+ 5. bxc3 Ne4 6. Qc2 f5 7. Ba3 d6 8. e3 b6 9. Be2 Bb7 10. Rd1 Qf6 11. Bb2 g5 12. c5 g4 13. Nd2 Nxd2 14. Rxd2 Bxg2 15. Rg1 Be4 16. Qa4+ Kf7 17. cxd6 cxd6 18. Qb5 Rd8 19. d5 e5 20. Bxg4 Qh6 21. Bd1 Qxh2 22. Rf1 Na6 23. Qc4 Nc5 24. Ba3 Bg2 25. f3 Qg3+ 26. Rff2 Rac8 27. Bxc5 Rxc5 28. Qd3 e4 29. fxe4 Bxe4 30. Qf1 Rxc3 0-1

[Event "Warsaw Ursus op"]
[Site "Warsaw"]
[Date "2007.06.03"]
[Round "8"]
[White "Olejarczyk, Bogdan"]
[Black "Skwarnicki, Adam"]
[Result "1-0"]
[WhiteElo "2223"]
[BlackElo "2063"]
[PlyCount "59"]
[EventDate "2007.05.26"]
[EventType "swiss"]
[EventRounds "9"]
[EventCountry "POL"]
[SourceTitle "EXT 2011"]
[Source "ChessBase"]
[SourceDate "2010.11.26"]
[SourceVersion "1"]
[SourceVersionDate "2010.11.26"]
[SourceQuality "1"]

1. d4 f5 2. Nf3 Nf6 3. Bf4 e6 4. e3 d5 5. c4 Bd6 6. Bxd6 cxd6 7. Nc3 Qa5 8. a3 Ne4 9. cxd5 Nxc3 10. Qd2 exd5 11. Rc1 Bd7 12. Rxc3 0-0 13. Bd3 Qd8 14. 0-0 g5 15. g3 h5 16. h4 gxh4 17. Nxh4 Qg5 18. Kg2 Nc6 19. f4 Qf6 20. Qd1 Rae8 21. Be2 Rf7 22. Bxh5 Rg7 23. Nf3 Ree7 24. Ng5 Na5 25. b4 Bb5 26. Rc8+ Re8 27. Bxe8 Bxf1+ 28. Kxf1 Rxg5 29. fxg5 Qe6 30. Bd7+ 1-0

[Event "Warsaw Ursus op"]
[Site "Warsaw"]
[Date "2007.05.27"]
[Round "4"]
[White "Przychodzki, Piotr"]
[Black "Skwarnicki, Adam"]
[Result "1/2-1/2"]
[WhiteElo "1930"]
[BlackElo "2063"]
[PlyCount "51"]
[EventDate "2007.05.26"]
[EventType "swiss"]
[EventRounds "9"]
[EventCountry "POL"]
[SourceTitle "EXT 2011"]
[Source "ChessBase"]
[SourceDate "2010.11.26"]
[SourceVersion "1"]
[SourceVersionDate "2010.11.26"]
[SourceQuality "1"]

1. e4 e6 2. d4 d5 3. exd5 exd5 4. Bd3 c5 5. dxc5 Bxc5 6. Nc3 Ne7 7. Nge2 Bg4 8. Bd2 Nbc6 9. 0-0 a6 10. a3 0-0 11. Kh1 Ne5 12. Bf4 N5g6 13. f3 Be6 14. Bg3 f5 15. Nf4 Nxf4 16. Bxf4 Ng6 17. Qd2 Nxf4 18. Qxf4 Rc8 19. Rae1 Rc6 20. Re2 Qf6 21. Rfe1 d4 22. Nd1 Bd6 23. Qd2 Qh4 24. g3 Bxg3 25. Rxe6 Bxe1 26. Qxe1 1/2-1/2

[Event "POL-chT Liga Mazowiecka 2006/07"]
[Site "Poland"]
[Date "2007.01.21"]
[Round "7.7"]
[White "Kania, Wlodzimierz"]
[Black "Skwarnicki, Adam"]
[Result "1/2-1/2"]
[WhiteElo "2000"]
[BlackElo "2101"]
[PlyCount "76"]
[EventDate "2006.10.22"]
[EventType "team-swiss"]
[EventRounds "9"]
[EventCountry "POL"]
[SourceTitle "EXT 2011"]
[Source "ChessBase"]
[SourceDate "2010.11.26"]
[SourceVersion "1"]
[SourceVersionDate "2010.11.26"]
[SourceQuality "1"]
[WhiteTeam "Nasielsk Sparta"]
[BlackTeam "Bialoleka PKS Agape"]
[WhiteTeamCountry "POL"]
[BlackTeamCountry "POL"]

1. e4 e6 2. Nf3 d5 3. exd5 exd5 4. d4 c5 5. Bb5+ Bd7 6. Qe2+ Be7 7. dxc5 Qa5+ 8. Nc3 a6 9. Bxd7+ Nxd7 10. 0-0 Qxc5 11. Be3 Qd6 12. Rad1 Ngf6 13. Qd3 0-0 14. Nxd5 Qxd5 15. Qxd5 Nxd5 16. Rxd5 Nf6 17. Rd3 Rac8 18. c3 Rfe8 19. Bg5 Ne4 20. Bxe7 Rxe7 21. Re3 Rce8 22. Rfe1 Kf8 23. Nd4 g6 24. f3 Nc5 25. Rxe7 Rxe7 26. Rxe7 Kxe7 27. b3 Nd3 28. Kf1 Kd6 29. a3 Kc5 30. Ke2 Nf4+ 31. Kf2 Nd5 32. Ne2 b5 33. g3 a5 34. h4 a4 35. bxa4 bxa4 36. Ke1 Kc4 37. Kd2 Kb3 38. Nd4+ Kc4 1/2-1/2

[Event "Agape"]
[Site "Agape"]
[Date "2007.01.20"]
[Round "9"]
[White "Skwarnicki, Adam"]
[Black "Pieczonka, Marcin"]
[Result "0-1"]
[WhiteElo "2101"]
[BlackElo "1992"]
[PlyCount "46"]
[EventDate "2006.11.11"]
[EventType "tourn"]
[EventRounds "11"]
[EventCountry "POL"]
[SourceTitle "EXT 2011"]
[Source "ChessBase"]
[SourceDate "2010.11.26"]
[SourceVersion "1"]
[SourceVersionDate "2010.11.26"]
[SourceQuality "1"]

1. Nf3 Nf6 2. d4 c5 3. c4 g6 4. g3 Bg7 5. Bg2 cxd4 6. Nxd4 Nc6 7. 0-0 0-0 8. Nc3 Nxd4 9. Qxd4 d6 10. Qd3 Nd7 11. f4 Nc5 12. Qc2 Be6 13. b3 Bf5 14. Qd2 Qb6 15. Nd5 Nxb3+ 16. Nxb6 Nxd2 17. Nxa8 Nxf1 18. g4 Rxa8 19. gxf5 Bxa1 20. Kxf1 gxf5 21. Be3 Rc8 22. Bxb7 Rxc4 23. Bd5 Rc7 0-1

[Event "POL-chT Liga Mazowiecka 2006/07"]
[Site "Poland"]
[Date "2007.01.07"]
[Round "6.19"]
[White "Skwarnicki, Adam"]
[Black "Kowalski, Piotr"]
[Result "0-1"]
[WhiteElo "2101"]
[BlackElo "2094"]
[PlyCount "64"]
[EventDate "2006.10.22"]
[EventType "team-swiss"]
[EventRounds "9"]
[EventCountry "POL"]
[SourceTitle "EXT 2011"]
[Source "ChessBase"]
[SourceDate "2010.11.26"]
[SourceVersion "1"]
[SourceVersionDate "2010.11.26"]
[SourceQuality "1"]
[WhiteTeam "Bialoleka PKS Agape"]
[BlackTeam "Warszawa Modus"]
[WhiteTeamCountry "POL"]
[BlackTeamCountry "POL"]

1. Nf3 Nf6 2. d4 e6 3. c4 d5 4. g3 c5 5. cxd5 exd5 6. Bg2 Nc6 7. 0-0 Be7 8. Nc3 0-0 9. Bg5 cxd4 10. Nxd4 h6 11. Be3 Re8 12. Qc2 Bg4 13. h3 Be6 14. Rad1 Qd7 15. Nxe6 fxe6 16. f4 Bd6 17. Bf2 Rad8 18. e4 e5 19. fxe5 Rxe5 20. exd5 Nb4 21. Qd2 Rg5 22. a3 Na6 23. Ne2 Nc5 24. Qd4 Re8 25. Be3 Nce4 26. Rxf6 Bc5 27. Re6 Bxd4 28. Rxe8+ Qxe8 29. Bxd4 Nxg3 30. Nxg3 Rxg3 31. Bf2 Rg6 32. h4 Qe4 0-1

[Event "POL-chT 2nd League"]
[Site "Lublin"]
[Date "2006.09.08"]
[Round "7.95"]
[White "Skwarnicki, Adam"]
[Black "Stepniak, Przemyslaw"]
[Result "0-1"]
[WhiteElo "2174"]
[BlackElo "1865"]
[PlyCount "99"]
[EventDate "2006.09.02"]
[EventType "team-swiss"]
[EventRounds "9"]
[EventCountry "POL"]
[SourceTitle "EXT 2019"]
[Source "ChessBase"]
[SourceDate "2018.10.10"]
[SourceVersion "1"]
[SourceVersionDate "2018.10.10"]
[SourceQuality "1"]
[WhiteTeam "Warszawa Entropia"]
[BlackTeam "Lubsko Caissa"]
[WhiteTeamCountry "POL"]
[BlackTeamCountry "POL"]

1. Nf3 d5 2. d4 e6 3. c4 f5 4. Bf4 c6 5. e3 Nf6 6. Nc3 Bd6 7. Ne5 0-0 8. Bd3 Na6 9. a3 Nc7 10. Qa4 Bxe5 11. Bxe5 Nce8 12. c5 Ne4 13. Ne2 Bd7 14. f3 Ng5 15. h4 Nf7 16. Bf4 Qe7 17. Qb4 Bc8 18. Qc3 Bd7 19. Qb4 Bc8 20. Qc3 Nf6 21. Bg5 e5 22. 0-0-0 Bd7 23. Ng3 e4 24. Be2 b6 25. Bf4 bxc5 26. dxc5 a5 27. Bc7 a4 28. Rd4 Be6 29. Ba5 Nd7 30. Bb4 Nd8 31. Kb1 Nb7 32. Nh5 Nf6 33. Nf4 Bd7 34. h5 Qd8 35. Qe1 Na5 36. h6 g6 37. Qg3 Qe8 38. Bc3 Nb3 39. Qg5 Nxd4 40. Bxd4 Qf7 41. Rh3 Ra7 42. Bd1 Bc8 43. g4 fxg4 44. fxg4 Ba6 45. Bxa4 Bd3+ 46. Nxd3 exd3 47. Bxc6 Qe6 48. Bb5 d2 49. Be2 Ne4 50. Qe5 0-1

[Event "Ursus op"]
[Site "Ursus"]
[Date "2006.06.03"]
[Round "6"]
[White "Jefimow, Bronislaw"]
[Black "Skwarnicki, Adam"]
[Result "0-1"]
[WhiteElo "1800"]
[BlackElo "2174"]
[PlyCount "70"]
[EventDate "2006.05.27"]
[EventType "swiss"]
[EventRounds "9"]
[EventCountry "POL"]
[SourceTitle "EXT 2008"]
[Source "ChessBase"]
[SourceDate "2007.11.25"]
[SourceVersion "1"]
[SourceVersionDate "2007.11.25"]
[SourceQuality "1"]

1. b4 Nf6 2. Bb2 e6 3. a3 b6 4. Nf3 Bb7 5. e3 c5 6. b5 d6 7. Be2 Nbd7 8. d4 Rc8 9. Nbd2 Be7 10. Rc1 Ne4 11. Nxe4 Bxe4 12. dxc5 Nxc5 13. Bxg7 Rg8 14. Bd4 Rxg2 15. Rg1 Bxf3 16. Rxg2 Bxg2 17. Bf3 Bxf3 18. Qxf3 Nd7 19. Qh5 e5 20. Qxh7 exd4 21. Qh8+ Nf8 22. exd4 Bf6 23. Qh3 Bxd4 24. Kf1 Ne6 25. c3 Qf6 26. Qg2 Kd7 27. Rd1 Rxc3 28. a4 Qf3 29. Qxf3 Rxf3 30. Rd2 Rxf2+ 31. Rxf2 Bxf2 32. Kxf2 Nc5 33. h4 Ke6 34. Kf3 Kf5 35. h5 Kg5 0-1

[Event "Ursus op"]
[Site "Ursus"]
[Date "2006.05.28"]
[Round "3"]
[White "Skwarnicki, Adam"]
[Black "Zurkowski, Andrzej"]
[Result "1/2-1/2"]
[WhiteElo "2174"]
[BlackElo "2031"]
[PlyCount "38"]
[EventDate "2006.05.27"]
[EventType "swiss"]
[EventRounds "9"]
[EventCountry "POL"]
[SourceTitle "EXT 2008"]
[Source "ChessBase"]
[SourceDate "2007.11.25"]
[SourceVersion "1"]
[SourceVersionDate "2007.11.25"]
[SourceQuality "1"]

1. Nf3 g6 2. d4 d6 3. c4 Bg7 4. Nc3 Nd7 5. g3 e5 6. e4 Ne7 7. dxe5 dxe5 8. Bg2 0-0 9. 0-0 a5 10. b3 b6 11. Ba3 Re8 12. Bxe7 Qxe7 13. Nd5 Qd8 14. Qc2 c6 15. Ne3 Nc5 16. Rad1 Qc7 17. Rd2 Be6 18. Ng5 h6 19. Nxe6 Nxe6 1/2-1/2